00840nab a2200193 4500003001000000005001700010008004100027040001400068041000800082100004700090245003700137260003500174300001300209500025900222650004200481650001400523650001600537773009300553AR-RoBPED20260504112140.0260504b |||||||| |||| 00| 0 spa d aAR-RoBPED aspa1 aAlbrecht, FedericoeProfesor de Biología1 aEducar en escenarios naturales / aBuenos Aires :bNoveduc,c2023 a62-63 p. aLas salidas de campo a la naturaleza son una herramienta necesaria para la enseñanza de las Ciencias Naturales dado que la escena didáctica transcurre en un aula a cielo abierto donde poner en juego competencias y habilidades del campo científico.  7aENSEÑANZA DE LAS CIENCIAS NATURALES 7aDIDACTICA 7aAPRENDIZAJE0 020414dBuenos Aires : Noveduc, 1993-tNovedades Educativasw(AR-RoBPED)20414x03283534